000 00680nam a22001697a 4500
003 UA-OsUOA
001 12371
007 ta
008 20050504b un ||||| |||| 00| 0 ukr d
942 _cSA
040 _aUA-OsUOA
_cUA-OsUOA
_dUA-OsUOA
245 _aПро внесення змін у додаток 12 до постанови Кабінету Міністрів України від 13 грудня 1999 р. № 2288 : Постанова Кабінету Міністрів України, 13 квітня 2005 р. № 276
300 _aС.2 Орієнтир
955 _a0
773 0 _w0
_tУрядовий кур'єр
_dКиїв
_d2005
_gN78/27 квіт./
650 7 _2UDC
999 _c298532
_d298532